| 000 | 01127nam a2200241Ia 4500 | ||
|---|---|---|---|
| 003 | OSt | ||
| 005 | 20200922123354.0 | ||
| 008 | 191128s1990 ck gr 000 0 spa d | ||
| 040 |
_aCO-JMCR _cCO-JMCR |
||
| 041 | 0 | _aspa | |
| 082 | 0 | 4 |
_a467 .986148 _bO884h _223 |
| 100 | 1 |
_aOtálora de Fernández, Hilda Inés. _eautora _910627 |
|
| 245 | 1 | 3 |
_aEl habla de la ciudad de bogotá : _bmaterias para su estudio / _cOtálora de Fernández, Hilda Inés, González G., Alonso. |
| 250 | _aSegunda edición | ||
| 260 |
_aBogotá : _bInstituto Caro y Cuerbo, _c1990. |
||
| 300 |
_a840 Páginas ; _c22 cm. |
||
| 490 |
_aColección Jorge Ortega Torres : _aColección Darío Achury Valenzuela : _aColección Jaime Tello : _aColección Bernardo Ramírez. |
||
| 505 | 0 | _aDiálogo entre encustador e informante -- Diálogo entre dos infoermantes -- Diálogos secretos -- Elocuciones formales: clases, conferencias, discursos etc… | |
| 650 | 2 | 4 |
_aHabla _xInvestigaciones _zBogotá (Colombia) _910628 |
| 650 | 2 | 4 |
_aLingüística _xInvestigaciones _zBogotá (Colombia) _910629 |
| 700 | 1 |
_aGonzález G., Alonso, _eautor _910630 |
|
| 942 |
_2ddc _cBK |
||
| 999 |
_c4135 _d4135 |
||